Historia del periodismo universal /

Contiene: Los medios y el desarrollo de la sociedad occidental; De las gacetas del siglo XVII a la libertad de imprenta del XIX; Evolución de la prensa en los principales países occidentales; La progresiva modernización de la presna en España; Nacimiento y desarrollo de la prensa periódica nacional...

Полное описание

Сохранить в:
Библиографические подробности
Главный автор: Barrera, Carlos (coord.)
Другие авторы: Alvarez, Jesús Timoteo (introducción) (introducción)
Формат:
Язык:испанский
Опубликовано: Barcelona, España : Ariel, 2004, c2004
Серии:(Ariel Comunicación)
Предметы:
Метки: Добавить метку
Нет меток, Требуется 1-ая метка записи!

MARC

LEADER 00000nam^a2200000^a^4500
001 000181365
005 20250521000000.0
009 20260310101929.472
020 |a 84-344-1300-0 
037 |a Acervo ITESO - Biblioteca 
041 |a ESP 
082 |a 302. 23109  |b BAR 
100 |a Barrera, Carlos  |e (coord.) 
245 1 0 |a Historia del periodismo universal /  |c Coord. de C. Barrera ; introd. de J.T. Alvarez. 
264 4 |a Barcelona, España :  |b Ariel,  |c 2004, c2004 
300 |a 417 p. 
336 |a texto  |b txt  |2 rdacontenido 
337 |a sin mediación  |b n  |2 rdamedio 
338 |a volumen  |b nc  |2 rdasoporte 
440 1 |a (Ariel Comunicación) 
520 |a Contiene: Los medios y el desarrollo de la sociedad occidental; De las gacetas del siglo XVII a la libertad de imprenta del XIX; Evolución de la prensa en los principales países occidentales; La progresiva modernización de la presna en España; Nacimiento y desarrollo de la prensa periódica nacional en América Latina; La prensa escrita en los principales países occidentales; Panorama histórico de la radio y de la televisión; Medios de comunicación y propaganda en los totalitarismos; Los medios de comunicación en España; Los medios de comunicación en América Latina; Las transiciones periodísticas en la Europa central y oriental. 
649 |a XX 
650 |a Periodismo -  |x Historia 
650 |a Libertad de Expresión -  |x Historia 
650 |a Prensa -  |x Historia 
650 |a Medios Impresos -  |x Historia 
650 |a Radio -  |x Historia y Crítica 
650 |a Televisión -  |x Historia y Crítica 
650 |a Tecnologías de Comunicación e Información -  |x Historia 
650 |a Medios de Comunicación -  |x Historia 
650 |a Medios de Comunicación y Estado -  |x Historia 
650 |a Comunicación Masiva -  |x Historia 
700 |a Alvarez, Jesús Timoteo  |e (introducción) 
910 |a Fondo General 
920 |a Impresos - Libros 
930 |a Colección General 
905 |a 101 
901 |a 0500121228  |b IT1  |c ACC  |u 20250521 
902 |a https://opac.biblio.iteso.mx/vufind/Record/000181365